Statistics for World's busiest Commuter Rail systems

Click here to take the quiz!

General Stats

  • This quiz has been taken 64 times
  • The average score is 4 of 15

Answer Stats

CityRidershipAnswer% Correct
Tokyo2,833,000Tokyu Corporation
60%
Paris3,290,000Réseau Express Régional (RER)
58%
Tokyo17,100,000JR East
40%
Tokyo2,364,626Tobu Railway
34%
Tokyo1,692,523Seibu Railway
32%
Tokyo1,951,000Odakyu Electric Railway
28%
Berlin1,060,000Berlin S-Bahn
24%
Tokyo1,206,000Keihin Electric Express Railway (Keikyu)
22%
Kyoto-Osaka-Kobe1,950,000Hankyu Railway
20%
Tokyo1,690,000Keio Corporation
20%
Mumbai7,585,000Mumbai Suburban Railway
16%
São Paulo3,016,444Companhia Paulista de Trens Metropolitanos (CPTM)
14%
Kolkata3,750,000Kolkata Suburban Railway
14%
Chennai1,700,000Chennai Suburban Railway
12%
Buenos Aires1,400,000Buenos Aires Metropolitan Area Rail Network
2%

Score Distribution

Percentile by Number Answered

Percent of People with Each Score

Your Score History

You have not taken this quiz